000 00512nam a2200181Ia 4500
008 210716s2003 xx 000 0 und d
020 _a0915552515
041 _aeng
082 _a658.8343 TURD
100 _aTurley, Darach;Brown, Stephen.
245 _aEuropean advances in consumer research: all changed changed utterly.
_bAll changed changed utterly
250 _a1
260 _c2003
300 _axxiii,384
440 _v6
650 _aConsumer Behavior
700 _aBrown, Stephen.;Turley, Darach
999 _c201112
_d201112